Statistics for ♫ Bad Day Lyrics - Daniel Powter ♫

Click here to take the quiz!

General Stats

  • This quiz has been taken 69 times
  • The average score is 20 of 28

Answer Stats

Lyrical Line % Correct
'Cause you had a {bad} {day}
97%
You had a bad {day}
95%
You tell {me} don't lie
93%
They tell me your {blue} skies fade to grey
93%
You sing a sad song just to {turn} it around
93%
You kick up the leaves and the {magic} is lost
91%
They tell me your passion's {gone} away
90%
You're faking a {smile} with the coffee to go
88%
You're coming back down and you {really} don't mind
86%
You tell me {your} life's been way off line
84%
You work at a smile and you go for a {ride}
83%
You're {falling} to pieces every time
83%
You {say} you don't know
83%
{Had} a bad day
79%
You're {taking} one down
79%
And I don't {need} {no} carryin' on
74%
Where is the {moment} we needed the most
74%
You stand in the line just to {hit} a new low
71%
Well, you need a blue sky {holiday}
69%
The point is they {laugh} at what you say
69%
The {camera} don't lie
64%
Oh, you and {I}
59%
So where is the {passion} when you need it the most
53%
And the whole thing turns out {wrong}
47%
You might not make it {back} and you know
43%
{And} I'm not wrong
38%
Sometimes the {system} goes on the blink
34%
That you could be well, oh, that {strong}
28%

Score Distribution

Percentile by Number Answered

Percent of People with Each Score

Your Score History

You have not taken this quiz